000 00861 a2200193 4500
001 53363
005 20260407155808.0
008 260407a1966 arg spa d
003 AR-UNSa-BCEJYS
040 _aAR-UNSa-BCEJYS
_bspa
_cAR-UNSa-BCEJYS
080 _a556.54
_xDesembocaduras. Estuarios. Deltas. Aguas fluvio-marinas (cuenca)
245 1 0 _aPresas gigantescas y aguas apacibles
264 1 _aMéxico :
_bLimusa-Wiley
_c1966
300 _a205 p.
_c21 cm.
505 _a1. El viejo río desafía el mejoramiento,1779-1930 - 2. Navegación,planeación y política - 3. Ensanche del cauce,1936-1945 - 4. Fomento del tránsito fluvial - 5. Acrecentamiento del tráfico en el río - 6. La navegación del río Tenesí: Un factor ene l desarrollo económico del Sur
942 _cBK
590 _aniveau_biblio:m niveau_hierar:0
100 1 _aDroze, Wilmon Henry
999 _c5218
_d5218